Sportarten mit "E" - Statistiken

Allgemein
  • Dieses Quiz wurde 62 mal gespielt
    57 seit der letzten Aktualisierung
  • Das Durchschnittsergebnis liegt bei 4 aus 16
Antwortstatistiken
Art Sportart % Korrekt
Torspiel Eishockey
71%
Tanz & Akrobatik Eiskunstlauf
67%
Denksport & Gaming E-Sport
63%
Geschwindigkeit Eisschnelllauf
46%
Bergsport Eisklettern
40%
Präzisionssport Eisstockschießen
25%
Extrem & Skurril Extrembügeln
23%
Geschwindigkeit &Geschicklichkeit Eierlauf
19%
Rollstuhl,- & Torspiel Elektrorollstuhl-Hockey
17%
Motorsport Eisspeedway
8%
Tanz Eistanzen
8%
Tier,- & Torspiel Elefantenpolo
8%
Rad,- & Torspiel Einradbasketball
6%
Rad,- & Torspiel Einradhockey
6%
Tanz Electric Boogie
0%
Tanz Eurodance
0%
Keine übereinstimmenden Quizze gefunden
Verteilung der Resultate
Anzahl Personen mit jedem Resultat
Perzentil nach korrekt beantworteten Fragen
Ihre Resultats-Entwicklung
Sie haben dieses Quiz seit der letzten Aktualisierung nicht gespielt